000
00290nam a22001217a 4500
040
_c
N/A
082
_a
621.3
_b
S5241 A
100
_a
Sharma, D.K.
_9
131411
245
_a
Admiralty Solved Examples in Electrical Calculations
260
_a
N/A
_b
N/A
_c
N/A
300
_a
564p.
942
_2
ddc
_c
BK
999
_c
615216
_d
615216